Análisis de la crisis bancaria y sus soluciones.

Detalles Bibliográficos
Autor principal: Moreno, Alfredo
Otros Autores: Pérez, Francisco
Formato: Libro
Lenguaje:inglés
Publicado: Santiago, Chile CERC 1983
Edición:1a.ed.
Colección:Documento de trabajo 7
Materias:

MARC

LEADER 00000cam a2200000 a 4500
001 027690
003 UAHC_CL
005 20170803122832.0
008 010822b xx j 000 1 eng
040 |a UAHC_CL  |c UAHC_CL  |d UAHC_CL 
082 0 4 |a CEP 025-1176 
100 1 |a Moreno, Alfredo 
245 1 0 |a Análisis de la crisis bancaria y sus soluciones. 
250 |a 1a.ed. 
260 |b CERC  |c 1983  |a Santiago, Chile 
300 |a 50 p. 
490 0 |a Documento de trabajo  |v 7 
650 4 |a BANCOS  |x CRISIS 
700 1 |a Pérez, Francisco 
900 |a CEP 025-1176 
942 |c BK 
952 |0 0  |1 0  |4 0  |6 CEP_0251176  |7 0  |8 General  |9 55144  |a BC  |b BC  |c General  |d 2017-08-03  |l 0  |o CEP 025-1176  |p 1313975  |r 2019-12-19 00:00:00  |t 1  |w 2017-08-03  |y BK 
999 |c 27690  |d 27690